| 000 | 00436nam a2200145Ia 4500 | ||
|---|---|---|---|
| 008 | 230917s9999||||xx |||||||||||||| ||und|| | ||
| 040 |
_e165652 _aMAIN |
||
| 041 | _aEnglish | ||
| 082 | _a81.509 म21हि | ||
| 100 | _aमदान, इन्द्रनाथ | ||
| 245 | 0 | _aहिन्दी आलोचना | |
| 260 |
_aदिल्ली _bलिपि प्रकाशन _c1974 |
||
| 300 | _a224पृ. p. | ||
| 942 | _cHN | ||
| 999 |
_c180066 _d180066 |
||